书目信息 |
| 题名: |
随机控制理论导论
|
|
| 作者: | 奥斯特隆姆 , Asttrom 著 ;潘裕焕 译 | |
| 分册: | ||
| 出版信息: | 北京 科学出版社 1983 |
|
| 页数: | 382页 | |
| 开本: | 21cm | |
| 丛书名: | ||
| 单 册: | ||
| 中图分类: | TP13 | |
| 科图分类: | ||
| 主题词: | 随机控制--理论 | |
| 电子资源: | ||
| ISBN: | ||
| 000 | 00895nam0 2200289 45 | |
| 001 | 0183004726 | |
| 005 | 20040519170453.1 | |
| 010 | @dCNY1.30 | |
| 091 | @a15031.461 | |
| 100 | @a19950728d1983 em y0chiy0121 ea | |
| 101 | 1 | @achi@beng@cswe |
| 102 | @aCN@b110000 | |
| 105 | @ay z 000yy | |
| 106 | @ar | |
| 200 | 10 | @a随机控制理论导论@Asui ji kong zhi li lun dao lun@f(瑞典)奥斯特隆姆(K.J.Asttrom)著@g潘裕焕译 |
| 210 | @a北京@c科学出版社@d1983 | |
| 215 | @a382页@d21cm | |
| 300 | @a书名原文:Introduction to stochastic control theory | |
| 510 | 1 | @aIntroduction to stochastic control theory@zeng |
| 606 | @a随机控制@x理论 | |
| 690 | @aTP13@v3 | |
| 701 | 1 | @a奥斯特隆姆@Aao si te long mu@bk.J.@f瑞典@4著 |
| 701 | A1 | @aAsttrom@bK.J.@4著 |
| 702 | 0 | @a潘裕焕@Apan yu huan@4译 |
| 801 | 0 | @aCN@b上海图书馆@c20040519 |
| 801 | 2 | @aCN@bNLC@c20040519 |
| 905 | @f2@b80276-277@dTP13@e14 | |
| 随机控制理论导论/(瑞典)奥斯特隆姆(K.J.Asttrom)著/潘裕焕译.-北京:科学出版社,1983 |
| 382页;21cm |
| 书名原文:Introduction to stochastic control theory |
| ISBN :CNY1.30 |
| ● |
| 相关链接 |
|
|
|
|
正题名:随机控制理论导论
索取号:TP13/14
 
预约/预借
| 序号 | 登录号 | 条形码 | 馆藏地/架位号 | 状态 | 备注 |
| 1 | 0080276 | 000701707 | 第三借阅区/ [索取号:TP13/14] | 在馆 | |
| 2 | 0080277 | 000701716 | 第三借阅区/ [索取号:TP13/14] | 在馆 | |
| 3 | 0080278 | 000701725 | 第二样本阅览室/ [索取号:TP13/14] | 在馆 |